| 000 | 00434nam a2200181Ia 4500 | ||
|---|---|---|---|
| 008 | 210210b2013 xxu||||| |||| 00| 0 eng d | ||
| 020 | _a9789381335253 | ||
| 041 | _aeng | ||
| 082 | _a346.066 KUMC | ||
| 100 | _aKUMAR (Anil) | ||
| 245 | _aCorporate laws | ||
| 260 |
_aAhmedabad _bInternational Book House Pvt. Ltd. _c2013 |
||
| 300 | _a352 | ||
| 650 | _alaws | ||
| 650 | _aCorporate | ||
| 690 | _aCompany Law | ||
| 906 | _a069112 | ||
| 999 |
_c153206 _d153206 |
||